[Event "DEM U12w 2025"]
[Site "Willingen GER"]
[Date "2025.06.11"]
[Round "5"]
[White "Tu, Tiffany"]
[Black "Guruprasad, Aditi"]
[Result "1-0"]
[Termination "normal"]
[Board "5"]
[WhiteElo "1709"]
[BlackElo "1495"]
[WhiteClock "00:08:20"]
[BlackClock "00:02:53"]
[PlyCount "85"]
[WhiteFideId "34628576"]
[BlackFideId "533043280"]
[EventCountry "GER"]
[EventRounds "9"]
[EventType "swiss"]
[EventDate "2025.06.07"]

1. e4 {[%clk 01:30:58]} c6 {[%clk 01:30:58]} {[%emt 00:00:04]} 2. d4 {[%clk
01:31:23]} {[%emt 00:00:04]} d5 {[%clk 01:31:24]} {[%emt 00:00:04]} 3. f3
{[%clk 01:31:48]} {[%emt 00:00:05]} e6 {[%clk 01:31:48]} {[%emt 00:00:05]} 4.
Nc3 {[%clk 01:32:12]} {[%emt 00:00:07]} Qb6 {[%clk 01:32:11]} {[%emt 00:00:07]}
5. Na4 {[%clk 01:30:40]} {[%emt 00:02:00]} Qd8 {[%clk 01:28:28]} {[%emt
00:04:05]} 6. Bf4 {[%clk 01:27:30]} {[%emt 00:03:50]} dxe4 {[%clk 01:24:03]}
{[%emt 00:04:55]} 7. fxe4 {[%clk 01:26:06]} {[%emt 00:01:53]} Nf6 {[%clk
01:22:33]} {[%emt 00:02:00]} 8. Nc3 {[%clk 01:23:27]} {[%emt 00:03:09]} Bb4
{[%clk 01:20:10]} {[%emt 00:02:54]} 9. Qd3 {[%clk 01:21:24]} {[%emt 00:02:32]}
Nbd7 {[%clk 01:12:48]} {[%emt 00:07:53]} 10. Nf3 {[%clk 01:20:46]} {[%emt
00:01:07]} O-O {[%clk 01:11:58]} {[%emt 00:01:21]} 11. a3 {[%clk 01:12:01]}
{[%emt 00:09:15]} Be7 {[%clk 01:10:45]} {[%emt 00:01:40]} 12. O-O-O {[%clk
01:08:23]} {[%emt 00:04:10]} Nb6 {[%clk 00:56:13]} {[%emt 00:15:03]} 13. Be2
{[%clk 01:01:04]} {[%emt 00:07:47]} Qd7 {[%clk 00:54:12]} {[%emt 00:02:33]} 14.
Ne5 {[%clk 00:59:17]} {[%emt 00:02:15]} Qd8 {[%clk 00:49:11]} {[%emt 00:05:30]}
15. Qg3 {[%clk 00:57:59]} {[%emt 00:01:48]} Kh8 {[%clk 00:41:11]} {[%emt
00:08:32]} 16. h4 {[%clk 00:52:20]} {[%emt 00:06:10]} Nfd7 {[%clk 00:37:05]}
{[%emt 00:04:36]} 17. h5 {[%clk 00:27:47]} {[%emt 00:25:04]} Nxe5 {[%clk
00:29:15]} {[%emt 00:08:21]} 18. Bxe5 {[%clk 00:26:54]} {[%emt 00:01:22]} Bg5+
{[%clk 00:28:21]} {[%emt 00:01:24]} 19. Kb1 {[%clk 00:26:23]} {[%emt 00:01:01]}
h6 {[%clk 00:25:38]} {[%emt 00:03:13]} 20. Bd3 {[%clk 00:23:01]} {[%emt
00:03:51]} Bf6 {[%clk 00:19:58]} {[%emt 00:06:12]} 21. Bd6 {[%clk 00:21:16]}
{[%emt 00:02:08]} Be7 {[%clk 00:15:42]} {[%emt 00:04:52]} 22. Bf4 {[%clk
00:20:00]} {[%emt 00:01:29]} Bg5 {[%clk 00:14:40]} {[%emt 00:01:50]} 23. Bxg5
{[%clk 00:16:37]} {[%emt 00:03:53]} Qxg5 {[%clk 00:15:00]} {[%emt 00:00:10]}
24. Qxg5 {[%clk 00:16:30]} {[%emt 00:00:37]} hxg5 {[%clk 00:15:23]} {[%emt
00:00:07]} 25. e5 {[%clk 00:16:15]} {[%emt 00:00:45]} Kg8 {[%clk 00:09:30]}
{[%emt 00:06:23]} 26. Ne4 {[%clk 00:14:01]} {[%emt 00:02:42]} Nd5 {[%clk
00:06:36]} {[%emt 00:03:25]} 27. Nxg5 {[%clk 00:12:02]} {[%emt 00:02:29]} f6
{[%clk 00:06:19]} {[%emt 00:00:48]} 28. Nf3 {[%clk 00:10:02]} {[%emt 00:02:27]}
f5 {[%clk 00:06:12]} {[%emt 00:00:40]} 29. g3 {[%clk 00:08:44]} {[%emt
00:01:48]} Ne3 {[%clk 00:06:30]} {[%emt 00:00:12]} 30. Rde1 {[%clk 00:08:26]}
{[%emt 00:00:44]} Ng4 {[%clk 00:06:55]} {[%emt 00:00:08]} 31. Re2 {[%clk
00:08:13]} {[%emt 00:00:41]} b6 {[%clk 00:06:46]} {[%emt 00:00:42]} 32. Nh2
{[%clk 00:08:24]} {[%emt 00:00:15]} Bb7 {[%clk 00:06:37]} {[%emt 00:00:42]} 33.
Nxg4 {[%clk 00:08:28]} {[%emt 00:00:26]} fxg4 {[%clk 00:06:55]} {[%emt
00:00:13]} 34. Be4 {[%clk 00:08:46]} {[%emt 00:00:11]} Rf7 {[%clk 00:06:16]}
{[%emt 00:01:10]} 35. Rh4 {[%clk 00:08:32]} {[%emt 00:00:43]} Rc8 {[%clk
00:04:13]} {[%emt 00:02:33]} 36. Rxg4 {[%clk 00:08:29]} {[%emt 00:00:33]} Ba6
{[%clk 00:04:29]} {[%emt 00:00:15]} 37. Re1 {[%clk 00:07:50]} {[%emt 00:01:09]}
c5 {[%clk 00:03:04]} {[%emt 00:01:55]} 38. d5 {[%clk 00:07:28]} {[%emt
00:00:51]} Bc4 {[%clk 00:02:33]} {[%emt 00:01:02]} 39. d6 {[%clk 00:07:29]}
{[%emt 00:00:28]} Rd7 {[%clk 00:02:12]} {[%emt 00:00:51]} 40. b3 {[%clk
00:07:40]} {[%emt 00:00:19]} Bb5 {[%clk 00:02:09]} {[%emt 00:00:33]} 41. a4
{[%clk 00:07:38]} {[%emt 00:00:33]} Bc6 {[%clk 00:02:28]} {[%emt 00:00:10]} 42.
Bxc6 {[%clk 00:07:58]} {[%emt 00:00:10]} Rxc6 {[%clk 00:02:53]} {[%emt
00:00:06]} 43. Rg6 {[%clk 00:08:20]} {[%emt 00:00:07]} 1-0

[Event "DEM U12w 2025"]
[Site "Willingen GER"]
[Date "2025.06.11"]
[Round "5"]
[White "Bayer, Klara"]
[Black "Ratushna, Olha"]
[Result "1-0"]
[Termination "normal"]
[Board "6"]
[WhiteElo "1678"]
[BlackElo "1734"]
[WhiteClock "00:49:19"]
[BlackClock "00:53:01"]
[PlyCount "99"]
[WhiteFideId "34658955"]
[BlackFideId "34172602"]
[EventCountry "GER"]
[EventRounds "9"]
[EventType "swiss"]
[EventDate "2025.06.07"]

1. c4 {[%clk 01:30:58]} {[%emt 00:00:02]} Nf6 {[%clk 01:30:46]} {[%emt
00:00:14]} 2. g3 {[%clk 01:31:21]} {[%emt 00:00:06]} e6 {[%clk 01:30:48]}
{[%emt 00:00:29]} 3. Bg2 {[%clk 01:31:38]} {[%emt 00:00:12]} Be7 {[%clk
01:30:46]} {[%emt 00:00:32]} 4. Nf3 {[%clk 01:31:54]} {[%emt 00:00:13]} O-O
{[%clk 01:30:50]} {[%emt 00:00:27]} 5. O-O {[%clk 01:32:16]} {[%emt 00:00:09]}
d5 {[%clk 01:29:54]} {[%emt 00:01:26]} 6. cxd5 {[%clk 01:31:03]} {[%emt
00:01:42]} exd5 {[%clk 01:29:26]} {[%emt 00:00:59]} 7. d4 {[%clk 01:30:42]}
{[%emt 00:00:50]} Bf5 {[%clk 01:28:57]} {[%emt 00:00:57]} 8. Nc3 {[%clk
01:30:53]} {[%emt 00:00:21]} c6 {[%clk 01:28:34]} {[%emt 00:00:54]} 9. a3
{[%clk 01:30:11]} {[%emt 00:01:12]} a5 {[%clk 01:28:10]} {[%emt 00:00:54]} 10.
Bd2 {[%clk 01:27:06]} {[%emt 00:03:34]} Qc8 {[%clk 01:27:53]} {[%emt 00:00:46]}
11. Na4 {[%clk 01:26:11]} {[%emt 00:01:24]} Nbd7 {[%clk 01:26:54]} {[%emt
00:01:32]} 12. Rc1 {[%clk 01:25:00]} {[%emt 00:01:40]} Qc7 {[%clk 01:26:10]}
{[%emt 00:01:14]} 13. Bf4 {[%clk 01:22:05]} {[%emt 00:03:25]} Bd6 {[%clk
01:25:44]} {[%emt 00:00:56]} 14. Bxd6 {[%clk 01:22:21]} {[%emt 00:00:14]} Qxd6
{[%clk 01:26:12]} {[%emt 00:00:03]} 15. Qb3 {[%clk 01:20:47]} {[%emt 00:02:04]}
Qc7 {[%clk 01:25:25]} {[%emt 00:01:16]} 16. Ne1 {[%clk 01:17:36]} {[%emt
00:03:40]} Ne4 {[%clk 01:23:16]} {[%emt 00:02:41]} 17. Rd1 {[%clk 01:11:43]}
{[%emt 00:06:22]} Nd6 {[%clk 01:21:51]} {[%emt 00:01:52]} 18. Nd3 {[%clk
01:08:17]} {[%emt 00:03:58]} Bxd3 {[%clk 01:21:15]} {[%emt 00:01:07]} 19. Rxd3
{[%clk 01:07:16]} {[%emt 00:01:31]} Nc4 {[%clk 01:20:16]} {[%emt 00:01:29]} 20.
Rc1 {[%clk 01:07:14]} {[%emt 00:00:31]} b5 {[%clk 01:17:39]} {[%emt 00:03:09]}
21. Nc3 {[%clk 01:06:23]} {[%emt 00:01:20]} a4 {[%clk 01:17:39]} {[%emt
00:00:31]} 22. Qc2 {[%clk 01:05:11]} {[%emt 00:01:40]} f5 {[%clk 01:12:11]}
{[%emt 00:05:59]} 23. Nxd5 {[%clk 01:01:39]} {[%emt 00:04:02]} cxd5 {[%clk
01:12:39]} {[%emt 00:00:02]} 24. Bxd5+ {[%clk 01:02:01]} {[%emt 00:00:09]} Kh8
{[%clk 01:13:02]} {[%emt 00:00:06]} 25. Bxa8 {[%clk 01:02:24]} {[%emt
00:00:07]} Rxa8 {[%clk 01:13:31]} {[%emt 00:00:02]} 26. b3 {[%clk 01:02:18]}
{[%emt 00:00:36]} axb3 {[%clk 01:13:29]} {[%emt 00:00:31]} 27. Qxb3 {[%clk
01:02:41]} {[%emt 00:00:07]} Qb6 {[%clk 01:12:52]} {[%emt 00:00:58]} 28. Qb4
{[%clk 01:02:24]} {[%emt 00:00:54]} Rb8 {[%clk 01:08:40]} {[%emt 00:04:44]} 29.
a4 {[%clk 01:01:33]} {[%emt 00:01:21]} Nd6 {[%clk 01:05:20]} {[%emt 00:03:42]}
30. axb5 {[%clk 00:59:57]} {[%emt 00:02:14]} Nxb5 {[%clk 01:05:23]} {[%emt
00:00:27]} 31. e3 {[%clk 00:58:22]} {[%emt 00:02:05]} h6 {[%clk 00:59:30]}
{[%emt 00:06:23]} 32. Qe7 {[%clk 00:57:06]} {[%emt 00:01:45]} Qd6 {[%clk
00:57:18]} {[%emt 00:02:32]} 33. Qxd6 {[%clk 00:56:10]} {[%emt 00:01:37]} Nxd6
{[%clk 00:57:47]} {[%emt 00:00:02]} 34. Rdc3 {[%clk 00:55:58]} {[%emt
00:00:39]} Kg8 {[%clk 00:56:00]} {[%emt 00:02:18]} 35. Rc6 {[%clk 00:55:55]}
{[%emt 00:00:33]} Ne4 {[%clk 00:55:20]} {[%emt 00:00:58]} 36. Rc8+ {[%clk
00:56:00]} {[%emt 00:00:38]} Rxc8 {[%clk 00:55:48]} {[%emt 00:00:02]} 37. Rxc8+
{[%clk 00:56:27]} {[%emt 00:00:02]} Kf7 {[%clk 00:56:17]} {[%emt 00:00:02]} 38.
f3 {[%clk 00:55:45]} {[%emt 00:01:12]} Nd6 {[%clk 00:56:06]} {[%emt 00:00:38]}
39. Rc6 {[%clk 00:55:46]} {[%emt 00:00:31]} Ke7 {[%clk 00:56:29]} {[%emt
00:00:06]} 40. Kf2 {[%clk 00:55:09]} {[%emt 00:01:08]} h5 {[%clk 00:55:56]}
{[%emt 00:01:04]} 41. h4 {[%clk 00:53:11]} {[%emt 00:02:27]} Nf8 {[%clk
00:53:09]} {[%emt 00:03:18]} 42. Rc7+ {[%clk 00:52:26]} {[%emt 00:01:14]} Kf6
{[%clk 00:53:24]} {[%emt 00:00:05]} 43. Ke2 {[%clk 00:52:40]} {[%emt 00:00:27]}
Ne6 {[%clk 00:53:23]} {[%emt 00:00:31]} 44. Rc6 {[%emt 00:01:05]} Nf7 {[%clk
00:50:57]} {[%emt 00:02:41]} 45. d5 {[%clk 00:52:15]} {[%emt 00:00:36]} Nfd8
{[%clk 00:51:25]} {[%emt 00:00:01]} 46. Ra6 {[%clk 00:52:07]} {[%emt 00:00:38]}
Ke5 {[%clk 00:51:36]} {[%emt 00:00:20]} 47. dxe6 {[%clk 00:52:25]} {[%emt
00:00:11]} Nxe6 {[%clk 00:52:04]} {[%emt 00:00:02]} 48. Ra5+ {[%clk 00:52:44]}
{[%emt 00:00:11]} Kf6 {[%clk 00:52:32]} {[%emt 00:00:02]} 49. Kd3 {[%clk
00:52:24]} {[%emt 00:00:50]} g5 {[%clk 00:53:01]} {[%emt 00:00:02]} 50. e4
{[%clk 00:49:19]} {[%emt 00:03:36]} 1-0

[Event "DEM U12w 2025"]
[Site "Willingen GER"]
[Date "2025.06.11"]
[Round "5"]
[White "Lukas, Olivia"]
[Black "Klymenko, Maria"]
[Result "0-1"]
[Termination "normal"]
[Board "7"]
[WhiteElo "1585"]
[BlackElo "1728"]
[WhiteClock "00:42:08"]
[BlackClock "01:02:39"]
[PlyCount "110"]
[WhiteFideId "34632239"]
[BlackFideId "34620621"]
[EventCountry "GER"]
[EventRounds "9"]
[EventType "swiss"]
[EventDate "2025.06.07"]

1. e4 {[%clk 01:30:44]} {[%emt 00:00:15]} c6 {[%clk 01:30:56]} {[%emt
00:00:04]} 2. d4 {[%clk 01:31:11]} {[%emt 00:00:03]} d5 {[%clk 01:31:22]}
{[%emt 00:00:04]} 3. e5 {[%clk 01:31:38]} {[%emt 00:00:04]} Bf5 {[%clk
01:31:45]} {[%emt 00:00:06]} 4. Nf3 {[%clk 01:31:44]} {[%emt 00:00:24]} e6
{[%clk 01:32:11]} {[%emt 00:00:04]} 5. Be2 {[%clk 01:32:03]} {[%emt 00:00:11]}
Ne7 {[%clk 01:32:36]} {[%emt 00:00:06]} 6. O-O {[%clk 01:31:45]} {[%emt
00:00:48]} c5 {[%clk 01:33:01]} {[%emt 00:00:05]} 7. c3 {[%clk 01:32:11]}
{[%emt 00:00:04]} Nec6 {[%clk 01:33:23]} {[%emt 00:00:07]} 8. Be3 {[%clk
01:31:29]} {[%emt 00:01:12]} Nd7 {[%clk 01:33:45]} {[%emt 00:00:07]} 9. Qd2
{[%clk 01:29:45]} {[%emt 00:02:14]} Be7 {[%clk 01:33:49]} {[%emt 00:00:27]} 10.
Na3 {[%clk 01:23:25]} {[%emt 00:06:51]} cxd4 {[%clk 01:32:43]} {[%emt
00:01:36]} 11. cxd4 {[%clk 01:23:49]} {[%emt 00:00:06]} Bb4 {[%clk 01:32:11]}
{[%emt 00:01:00]} 12. Qd1 {[%clk 01:23:38]} {[%emt 00:00:41]} Bxa3 {[%clk
01:31:44]} {[%emt 00:00:58]} 13. bxa3 {[%clk 01:23:57]} {[%emt 00:00:11]} O-O
{[%clk 01:31:08]} {[%emt 00:01:07]} 14. Bd3 {[%clk 01:17:19]} {[%emt 00:07:07]}
Bxd3 {[%clk 01:28:35]} {[%emt 00:03:03]} 15. Qxd3 {[%clk 01:17:43]} {[%emt
00:00:05]} h6 {[%clk 01:28:30]} {[%emt 00:00:36]} 16. Rab1 {[%clk 01:14:09]}
{[%emt 00:04:05]} Nb6 {[%clk 01:27:13]} {[%emt 00:01:47]} 17. h3 {[%clk
01:11:54]} {[%emt 00:02:43]} Na5 {[%clk 01:23:43]} {[%emt 00:04:00]} 18. Nh2
{[%clk 01:08:24]} {[%emt 00:04:00]} Nac4 {[%clk 01:21:10]} {[%emt 00:03:03]}
19. Ng4 {[%clk 01:08:16]} {[%emt 00:00:38]} Nxe3 {[%clk 01:15:42]} {[%emt
00:05:59]} 20. fxe3 {[%clk 01:08:16]} {[%emt 00:00:30]} Rc8 {[%clk 01:12:18]}
{[%emt 00:03:54]} 21. e4 {[%clk 00:54:49]} {[%emt 00:13:57]} dxe4 {[%clk
01:10:03]} {[%emt 00:02:45]} 22. Qxe4 {[%clk 00:54:40]} {[%emt 00:00:38]} Rc4
{[%clk 01:03:49]} {[%emt 00:06:42]} 23. Rf4 {[%clk 00:44:53]} {[%emt 00:10:20]}
Nd5 {[%clk 01:02:03]} {[%emt 00:02:15]} 24. Rf3 {[%clk 00:38:23]} {[%emt
00:07:01]} Nc3 {[%clk 00:59:44]} {[%emt 00:02:47]} 25. Nxh6+ {[%clk 00:34:43]}
{[%emt 00:04:12]} gxh6 {[%clk 00:57:56]} {[%emt 00:02:17]} 26. Rg3+ {[%clk
00:35:11]} {[%emt 00:00:03]} Kh8 {[%clk 00:58:14]} {[%emt 00:00:11]} 27. Qe3
{[%clk 00:35:36]} {[%emt 00:00:06]} Qxd4 {[%clk 00:57:59]} {[%emt 00:00:45]}
28. Qxd4 {[%clk 00:34:53]} {[%emt 00:01:13]} Ne2+ {[%clk 00:58:21]} {[%emt
00:00:08]} 29. Kf2 {[%clk 00:35:15]} {[%emt 00:00:07]} Nxd4 {[%clk 00:58:44]}
{[%emt 00:00:08]} 30. Rxb7 {[%clk 00:34:56]} {[%emt 00:00:49]} Rc2+ {[%emt
00:00:31]} 31. Kf1 {[%clk 00:35:04]} {[%emt 00:00:12]} Nf5 {[%clk 00:58:39]}
{[%emt 00:00:44]} 32. Rd3 {[%clk 00:35:15]} {[%emt 00:00:20]} Rxa2 {[%clk
00:58:20]} {[%emt 00:00:48]} 33. Rxa7 {[%clk 00:35:33]} {[%emt 00:00:13]} Rb8
{[%clk 00:57:25]} {[%emt 00:01:24]} 34. Kg1 {[%clk 00:34:45]} {[%emt 00:01:18]}
Rbb2 {[%clk 00:57:16]} {[%emt 00:00:36]} 35. Rxf7 {[%clk 00:33:31]} {[%emt
00:01:47]} Rxg2+ {[%clk 00:57:24]} {[%emt 00:00:22]} 36. Kf1 {[%clk 00:33:54]}
{[%emt 00:00:06]} Ng3+ {[%clk 00:57:09]} {[%emt 00:00:45]} 37. Rxg3 {[%clk
00:34:20]} {[%emt 00:00:05]} Rxg3 {[%clk 00:57:29]} {[%emt 00:00:10]} 38. h4
{[%clk 00:34:43]} {[%emt 00:00:07]} Rb3 {[%clk 00:57:32]} {[%emt 00:00:24]} 39.
Kg1 {[%clk 00:35:07]} {[%emt 00:00:09]} Rb1+ {[%clk 00:57:43]} {[%emt
00:00:21]} 40. Rf1 {[%clk 00:35:32]} {[%emt 00:00:06]} Rxf1+ {[%clk 00:58:04]}
{[%emt 00:00:09]} 41. Kxf1 {[%clk 00:35:55]} {[%emt 00:00:06]} Kg7 {[%clk
00:58:20]} {[%emt 00:00:13]} 42. h5 {[%clk 00:36:21]} {[%emt 00:00:04]} Rh2
{[%clk 00:58:35]} {[%emt 00:00:15]} 43. a4 {[%clk 00:36:47]} {[%emt 00:00:05]}
Rxh5 {[%clk 00:58:50]} {[%emt 00:00:15]} 44. a5 {[%clk 00:37:15]} {[%emt
00:00:03]} Rxe5 {[%clk 00:58:59]} {[%emt 00:00:20]} 45. a6 {[%clk 00:37:41]}
{[%emt 00:00:05]} Ra5 {[%clk 00:59:22]} {[%emt 00:00:06]} 46. a7 {[%clk
00:38:08]} {[%emt 00:00:03]} Rxa7 {[%clk 00:59:46]} {[%emt 00:00:07]} 47. Ke2
{[%clk 00:38:35]} {[%emt 00:00:03]} Ra3 {[%clk 01:00:11]} {[%emt 00:00:04]} 48.
Kd2 {[%clk 00:39:01]} {[%emt 00:00:04]} h5 {[%clk 01:00:35]} {[%emt 00:00:06]}
49. Kc2 {[%clk 00:39:29]} {[%emt 00:00:03]} h4 {[%clk 01:00:57]} {[%emt
00:00:08]} 50. Kb2 {[%clk 00:39:56]} {[%emt 00:00:02]} Rg3 {[%clk 01:01:15]}
{[%emt 00:00:12]} 51. Kc2 {[%clk 00:40:22]} {[%emt 00:00:04]} h3 {[%clk
01:01:41]} {[%emt 00:00:04]} 52. Kd2 {[%clk 00:40:49]} {[%emt 00:00:04]} h2
{[%clk 01:02:00]} {[%emt 00:00:10]} 53. Ke2 {[%clk 00:41:15]} {[%emt 00:00:04]}
h1=Q {[%clk 01:02:15]} {[%emt 00:00:14]} 54. Kf2 {[%clk 00:41:41]} {[%emt
00:00:05]} Qh2+ {[%clk 01:02:39]} {[%emt 00:00:06]} 55. Kf1 {[%clk 00:42:08]}
{[%emt 00:00:03]} Rg1# {[%emt 00:00:21]} 0-1

[Event "DEM U12w 2025"]
[Site "Willingen GER"]
[Date "2025.06.11"]
[Round "5"]
[White "Gubler, Sarah"]
[Black "Birkenheier, Larissa"]
[Result "0-1"]
[Termination "normal"]
[Board "8"]
[WhiteElo "1742"]
[BlackElo "1486"]
[WhiteClock "00:42:33"]
[BlackClock "00:04:32"]
[PlyCount "110"]
[WhiteFideId "533040699"]
[BlackFideId "34626379"]
[EventCountry "GER"]
[EventRounds "9"]
[EventType "swiss"]
[EventDate "2025.06.07"]

1. e4 {[%clk 01:30:57]} {[%emt 00:00:02]} e5 {[%clk 01:30:48]} {[%emt
00:00:12]} 2. Nf3 {[%clk 01:31:14]} Nc6 {[%clk 01:30:57]} {[%emt 00:00:34]} 3.
Bb5 {[%clk 01:31:23]} a6 {[%clk 01:30:31]} {[%emt 00:01:17]} 4. Ba4 {[%clk
01:31:27]} Nf6 {[%clk 01:29:40]} {[%emt 00:01:47]} 5. d3 {[%clk 01:30:58]} b5
{[%clk 01:27:55]} {[%emt 00:03:14]} 6. Bb3 {[%clk 01:31:16]} Bc5 {[%clk
01:25:13]} {[%emt 00:03:25]} 7. Nc3 {[%clk 01:25:40]} {[%emt 00:06:07]} d6
{[%clk 01:22:02]} 8. Bg5 {[%clk 01:25:40]} h6 {[%clk 01:22:02]} {[%emt
00:04:40]} 9. Bh4 {[%clk 01:25:40]} g5 {[%clk 01:14:00]} {[%emt 00:09:02]} 10.
Nxg5 {[%clk 01:23:40]} hxg5 {[%clk 01:11:02]} {[%emt 00:05:58]} 11. Bxg5 {[%clk
01:23:57]} Rg8 {[%clk 01:09:35]} {[%emt 00:02:09]} 12. h4 {[%clk 01:23:20]}
{[%emt 00:01:07]} Bb4 {[%clk 01:01:29]} {[%emt 00:08:37]} 13. Qf3 {[%clk
01:17:30]} {[%emt 00:06:18]} Rg6 {[%clk 00:55:17]} {[%emt 00:06:42]} 14. Qg3
{[%clk 01:11:39]} {[%emt 00:06:22]} Nh5 {[%emt 00:39:05]} 15. Qf3 {[%clk
00:54:09]} {[%emt 00:00:18]} Nf6 {[%clk 00:32:26]} {[%emt 00:02:28]} 16. O-O-O
{[%clk 00:52:36]} {[%emt 00:02:03]} Bxc3 {[%clk 00:29:50]} {[%emt 00:03:07]}
17. bxc3 {[%clk 00:52:54]} {[%emt 00:00:10]} Bg4 {[%clk 00:26:10]} {[%emt
00:04:11]} 18. Qg3 {[%clk 00:50:07]} {[%emt 00:03:16]} Bxd1 {[%clk 00:23:45]}
{[%emt 00:02:56]} 19. Kxd1 {[%clk 00:50:08]} {[%emt 00:00:29]} Nh5 {[%clk
00:17:53]} {[%emt 00:06:24]} 20. Qg4 {[%clk 00:46:47]} {[%emt 00:03:51]} Nf6
{[%clk 00:17:01]} {[%emt 00:01:22]} 21. Qf5 {[%clk 00:44:52]} {[%emt 00:02:24]}
Qd7 {[%clk 00:15:31]} {[%emt 00:02:01]} 22. Bxf6 {[%clk 00:41:32]} {[%emt
00:03:50]} Qxf5 {[%clk 00:15:41]} {[%emt 00:00:20]} 23. exf5 {[%clk 00:41:50]}
{[%emt 00:00:12]} Rxf6 {[%clk 00:16:00]} {[%emt 00:00:11]} 24. h5 {[%clk
00:41:30]} {[%emt 00:00:49]} Rxf5 {[%clk 00:15:10]} {[%emt 00:01:21]} 25. Bd5
{[%clk 00:41:11]} {[%emt 00:00:49]} Kd7 {[%clk 00:15:09]} {[%emt 00:00:30]} 26.
g4 {[%clk 00:41:09]} {[%emt 00:00:33]} Rxf2 {[%clk 00:11:58]} {[%emt 00:03:41]}
27. h6 {[%clk 00:40:57]} {[%emt 00:00:42]} Rh8 {[%clk 00:11:42]} {[%emt
00:00:44]} 28. h7 {[%clk 00:41:14]} {[%emt 00:00:14]} Ne7 {[%clk 00:10:45]}
{[%emt 00:01:27]} 29. Bb3 {[%clk 00:40:22]} {[%emt 00:01:23]} Rg2 {[%clk
00:10:05]} {[%emt 00:01:07]} 30. Bxf7 {[%clk 00:40:28]} {[%emt 00:00:26]} Rxg4
{[%clk 00:10:09]} {[%emt 00:00:27]} 31. Rh6 {[%clk 00:39:56]} {[%emt 00:01:02]}
Rg7 {[%clk 00:09:19]} {[%emt 00:01:20]} 32. Be6+ {[%clk 00:39:47]} {[%emt
00:00:39]} Kc6 {[%clk 00:09:12]} {[%emt 00:00:36]} 33. d4 {[%clk 00:39:49]}
{[%emt 00:00:28]} exd4 {[%clk 00:09:02]} {[%emt 00:00:42]} 34. cxd4 {[%clk
00:40:12]} {[%emt 00:00:06]} Rgxh7 {[%clk 00:08:30]} {[%emt 00:01:03]} 35. Rf6
{[%clk 00:39:15]} {[%emt 00:01:26]} Rh6 {[%clk 00:08:31]} {[%emt 00:00:28]} 36.
Rxh6 {[%clk 00:39:33]} {[%emt 00:00:13]} Rxh6 {[%clk 00:08:53]} {[%emt
00:00:08]} 37. Bg4 {[%clk 00:39:53]} {[%emt 00:00:08]} Kd5 {[%clk 00:08:40]}
{[%emt 00:00:44]} 38. c3 {[%clk 00:40:12]} {[%emt 00:00:13]} Ke4 {[%clk
00:08:09]} {[%emt 00:00:59]} 39. Kc2 {[%clk 00:40:19]} {[%emt 00:00:23]} c5
{[%clk 00:08:02]} {[%emt 00:00:37]} 40. dxc5 {[%clk 00:40:08]} {[%emt
00:00:42]} dxc5 {[%clk 00:08:22]} {[%emt 00:00:11]} 41. Kb3 {[%clk 00:40:17]}
{[%emt 00:00:20]} Rg6 {[%clk 00:07:59]} {[%emt 00:00:51]} 42. Bd1 {[%clk
00:40:38]} {[%emt 00:00:10]} Rg3 {[%clk 00:07:55]} {[%emt 00:00:33]} 43. Bc2+
{[%clk 00:41:03]} {[%emt 00:00:07]} Ke5 {[%clk 00:07:51]} {[%emt 00:00:33]} 44.
Bd1 {[%clk 00:40:59]} {[%emt 00:00:35]} Nd5 {[%clk 00:08:06]} {[%emt 00:00:15]}
45. Kb2 {[%clk 00:41:09]} {[%emt 00:00:20]} Nxc3 {[%clk 00:08:00]} {[%emt
00:00:36]} 46. Bc2 {[%clk 00:41:22]} {[%emt 00:00:15]} c4 {[%clk 00:07:53]}
{[%emt 00:00:39]} 47. Ka3 {[%clk 00:41:19]} {[%emt 00:00:32]} a5 {[%clk
00:07:51]} {[%emt 00:00:32]} 48. Kb2 {[%clk 00:41:42]} {[%emt 00:00:08]} Kd4
{[%clk 00:06:38]} {[%emt 00:01:43]} 49. a4 {[%clk 00:41:46]} {[%emt 00:00:26]}
b4 {[%clk 00:06:13]} {[%emt 00:00:55]} 50. Ka1 {[%clk 00:41:50]} {[%emt
00:00:23]} b3 {[%clk 00:06:04]} {[%emt 00:00:42]} 51. Kb2 {[%clk 00:41:18]}
{[%emt 00:01:01]} Rg2 {[%clk 00:04:01]} {[%emt 00:02:33]} 52. Ka3 {[%clk
00:41:33]} {[%emt 00:00:15]} bxc2 {[%clk 00:04:04]} {[%emt 00:00:28]} 53. Kb2
{[%clk 00:41:54]} {[%emt 00:00:09]} Kd3 {[%clk 00:04:00]} {[%emt 00:00:33]} 54.
Kc1 {[%clk 00:42:13]} {[%emt 00:00:10]} Rg1+ {[%clk 00:04:12]} {[%emt
00:00:20]} 55. Kb2 {[%clk 00:42:33]} {[%emt 00:00:10]} c1=Q# {[%clk 00:04:32]}
{[%emt 00:00:10]} 0-1